| 000 | 00395nam a2200157Ia 4500 | ||
|---|---|---|---|
| 008 | 230917s9999||||xx |||||||||||||| ||und|| | ||
| 040 |
_e160033 _aMAIN |
||
| 041 | _aEnglish | ||
| 082 | _a647.94068 M918H | ||
| 100 | _aMullins, Laurie J | ||
| 245 | 0 | _aHospitality management and organisational behaviour | |
| 250 | _a4th ed. | ||
| 260 |
_aLondon _bLongman |
||
| 300 | _a503 p. | ||
| 942 | _cBK | ||
| 999 |
_c146261 _d146261 |
||